| 000 | 01522cam a2200301 4500 | ||
|---|---|---|---|
| 008 | 090401t1998 xxu||||| |||| 00| 0 eng d | ||
| 020 | _a185112084X | ||
| 035 | _a(Sirsi) u87758 | ||
| 041 | _aeng | ||
| 050 | _a346.4104346 | ||
| 110 |
_aUnited Kingdom _bDepartment of the Environment, Transport and the Regions _93507 |
||
| 245 | 4 | _aThe impact of leasehold reform: flat dwellers` experiences of enfranchisement and lease renewal. | |
| 260 |
_aLondon _bDETR _c1998 |
||
| 300 | _a67p. ; 30cm. | ||
| 350 | _a20 | ||
| 520 | _aResearch undertaken by a team at the Centre for Regional Economic and Social Research at Sheffield Hallam University for the DETR, which looks at the difficulties experienced by leaseholders in using the leasehold enfranchisement and lease renewal procedures under Part 1 of the Leasehold Reform, Housing and Urban Development Act 1993. Summary of the research available at http://www.dtlr.gov.uk/housing/hrs/hrs078.htm | ||
| 650 | _aFLATS | ||
| 650 | _aLEASE RENEWAL | ||
| 650 | _aLEASEHOLD ENFRANCHISEMENT | ||
| 650 | _aLEASEHOLD REFORM, HOUSING AND URBAN DEVELOPMENT ACT 1993 | ||
| 650 | _aLEASEHOLD VALUATION TRIBUNALS | ||
| 650 | _aLONG LEASEHOLDS | ||
| 690 | _aLANDLORD AND TENANT-LEASEHOLD REFORM | ||
| 710 |
_aSheffield Hallam University _93118 |
||
| 856 |
_uhttps://webarchive.nationalarchives.gov.uk/ukgwa/20070701233333/http://www.communities.gov.uk/index.asp?id=1155848 _zsummary of the report available on the web archive |
||
| 942 |
_n0 _2ddc |
||
| 948 | _c31/07/1998 | ||
| 999 |
_c97267 _d97267 |
||